| 000 -LEADER |
| fixed length control field |
01186nam a22001457a 4500 |
| 008 - FIXED-LENGTH DATA ELEMENTS--GENERAL INFORMATION |
| fixed length control field |
210806b ||||| |||| 00| 0 eng d |
| 100 ## - MAIN ENTRY--PERSONAL NAME |
| Personal name |
Fuster, Andreas Zafar, Basit |
| 245 ## - TITLE STATEMENT |
| Title |
The sensitivity of housing demand to financing conditions: Evidence from a survey |
| 260 ## - PUBLICATION, DISTRIBUTION, ETC. (IMPRINT) |
| Place of publication, distribution, etc |
American Economic Journal: Economic Policy |
| 300 ## - PHYSICAL DESCRIPTION |
| Extent |
13(1), Feb, 2021: p.231-265 |
| 520 ## - SUMMARY, ETC. |
| Summary, etc |
Measuring the sensitivity of housing demand to mortgage rates and available leverage is challenging because there is generally no exogenous variation in these variables. This paper circumvents this issue by designing a strategic survey in which respondents report their willingness to pay (WTP) for a home under different financing scenarios. Relaxation of down payment constraints or an exogenous increase in nonhousing wealth has large effects on WTP, especially for poorer and more credit-constrained households. However, changing the mortgage rate has only moderate effects on WTP. These findings have implications for theoretical models of house price determination and for policy. – Reproduced |
| 773 ## - HOST ITEM ENTRY |
| Main entry heading |
American Economic Journal: Economic Policy |
| 906 ## - LOCAL DATA ELEMENT F, LDF (RLIN) |
| Subject DIP |
HOUSING |
| 942 ## - ADDED ENTRY ELEMENTS (KOHA) |
| Item type |
Articles |